| Hint | Réponse | % Correct |
|---|---|---|
| 1) Le gène de la couleur florale existe sous deux versions, violette et blanche (par exemple). Ces versions alternatives d'un gène sont aujourd’hui appelées | allèles | 50%
|
| Si les deux allèles à un locus diffèrere• un des deux souvent détermine l'apparence de l'organisme c'est l'allèle """""" | dominant | 50%
|
| Constitution génétique/allélique | génotype | 50%
|
| Mendel a croisé deux variétés vraies de race pure et contrastées, un processus appelé | hybridation | 50%
|
| apparence (état) | phénotype | 50%
|
| Les descendants hybrides de la génération P sont appelés la | génération F1 | 25%
|
| Les descendants de la génération F1 sont appelés la | génération F2 | 25%
|
| et avec un allèle différent | hétérozygotes | 25%
|
| I) Des versions alternatives des traits (aujourd’hui: «gènes») expliquent les variations dans les caractères hérités. (répondre OK) | OK | 25%
|
| tandis que l'autre n'a pas d'effet visible sur l'apparence l'allèle | récessif | 25%
|
| II) Pour chaque caractère, un organisme hérite de """""", un de chaque parent. | deux allèles | 0%
|
| Les parents de race pure sont la | génération parentale (p) | 0%
|
| les gènes avec le même allèles sont | homzygotes | 0%
|
| 2) Chaque gène/paire des allèles réside à un endroit """"" spécifique sur un chromosome | locus | 0%
|